Normal view
MARC view
Entry Topical Term
001 - CONTROL NUMBER
- control field: 12928
003 - CONTROL NUMBER IDENTIFIER
- control field: ARRUPE
005 - DATE AND TIME OF LATEST TRANSACTION
- control field: 20141201150319.0
008 - FIXED-LENGTH DATA ELEMENTS
- fixed length control field: 141201|| aca||aabn | a|a d
040 ## - CATALOGING SOURCE
- Original cataloging agency: ARRUPE
- Transcribing agency: ARRUPE
150 ## - HEADING--TOPICAL TERM
- Topical term or geographic name as entry element: Cistercian architecture.
670 ## - SOURCE DATA FOUND
- Source citation: Work cat.: (ARRUPE)0: Dimier, Anselme, 1898-1975. 12927, Stones laid before the Lord /, c1999.